[Event "Challenge"]
[Site "http://www.queenalice.com/game.php?id=1159426"]
[Date "2013.3.9"]
[Round "-"]
[White "AndersonSouza"]
[Black "TyaoKarreyrowsky"]
[Result "0-1"]
[WhiteElo "1535"]
[BlackElo "1861"]

1. b3 d5 2. Bb2 c5 3. g3 Nc6 4. a3 e5 5. Bg2 Nf6 6. h3 Bd6 7. e3 Be6 8. Ne2 Qd7
9. g4 O-O-O 10. Rg1 d4 11. exd4 exd4 12. d3 Rhe8 13. Nd2 Bd5 14. Bxd5 Nxd5 15.
Ne4 Nf6 16. Nxf6 gxf6 17. f3 Qe6 18. Rb1 h5 19. c4 hxg4 20. fxg4 Qe3 21. Rf1
Bg3+ 22. Rf2 Qxf2+ 23. Kd2 Bf4+ 24. Kc2 Rxe2+ 25. Qxe2 Qxe2# 0-1

[Event "Challenge"]
[Site "http://www.queenalice.com/game.php?id=1162744"]
[Date "2013.3.19"]
[Round "-"]
[White "lincolnmarley"]
[Black "TyaoKarreyrowsky"]
[Result "0-1"]
[WhiteElo "1758"]
[BlackElo "1999"]

1. d4 Nf6 2. c4 g6 3. Nc3 Bg7 4. e4 d6 5. Nf3 O-O 6. Be2 Nbd7 7. O-O e5 8. d5
Nc5 9. Qc2 a5 10. Nd2 Bd7 11. f3 Nh5 12. a3 Nf4 13. Nb3 Nxe2+ 14. Qxe2 Nxb3 15.
Rb1 Nd4 16. Qd3 f5 17. Be3 fxe4 18. fxe4 Rxf1+ 19. Rxf1 Qe7 20. Bxd4 exd4 21.
Nb5 Bxb5 22. cxb5 b6 0-1

[Event "AUTO-ADV-2804"]
[Site "http://www.queenalice.com/game.php?id=1166270"]
[Date "2013.3.30"]
[Round "1"]
[White "TyaoKarreyrowsky"]
[Black "Fauquinelle"]
[Result "1/2-1/2"]
[WhiteElo "2052"]
[BlackElo "1835"]

1. d4 f5 2. c4 Nf6 3. Nc3 e6 4. Bg5 h6 5. Bxf6 Qxf6 6. e4 Bb4 7. exf5 Qxf5 8.
Bd3 Qg5 9. Qf3 Rf8 10. Qe4 Bxc3+ 11. bxc3 Nc6 12. Ne2 Ne7 13. O-O d5 14. cxd5
exd5 15. Qe3 Qxe3 16. fxe3 Bg4 17. Rxf8+ Kxf8 18. Rf1+ Kg8 19. Ng3 Rf8 20. c4
Rxf1+ 21. Kxf1 c6 22. cxd5 cxd5 23. h3 Bd7 24. Nh5 Kf7 25. g4 a6 26. Ke2 Nc6 27.
Nf4 Nb4 28. a3 Nxd3 29. Kxd3 Bc6 30. h4 Kf6 31. Ke2 Bb5+ 32. Kf3 Bc4 33. e4
dxe4+ 34. Kxe4 g5 35. hxg5+ hxg5 36. Nh5+ Ke6 37. Ng7+ Kf7 38. Nf5 Ke6 39. Ng7+
1/2-1/2

[Event "AUTO-ADV-2804"]
[Site "http://www.queenalice.com/game.php?id=1166271"]
[Date "2013.3.30"]
[Round "1"]
[White "Fauquinelle"]
[Black "TyaoKarreyrowsky"]
[Result "0-1"]
[WhiteElo "1839"]
[BlackElo "2039"]

1. c4 c5 2. g3 Nc6 3. Bg2 g6 4. e3 Bg7 5. Ne2 e6 6. d4 cxd4 7. exd4 Nge7 8. Be3
O-O 9. O-O Nf5 10. Qd2 b6 11. Nbc3 Rb8 12. Rab1 a5 13. Nb5 d5 14. cxd5 exd5 15.
Nbc3 Be6 16. Nf4 Nfe7 17. Nxe6 fxe6 18. a3 b5 19. Ne2 Nf5 20. Rbc1 Qd7 21. Rc5
b4 22. Rfc1 Rfc8 23. Qc2 Nce7 24. Bd2 Nxd4 25. Nxd4 Bxd4 26. Rxc8+ Rxc8 27. Qb3
Rxc1+ 28. Bxc1 Qa7 29. Qf3 Qc5 30. Bh6 Nf5 31. axb4 axb4 32. Bh3 Nxh6 33. Bxe6+
Kg7 34. Bxd5 Bxf2+ 35. Qxf2 Qxd5 36. Qa7+ Nf7 37. Qf2 b3 38. Qe1 Qc5+ 0-1

[Event "AUTO-ADV-2804"]
[Site "http://www.queenalice.com/game.php?id=1166272"]
[Date "2013.3.30"]
[Round "1"]
[White "TyaoKarreyrowsky"]
[Black "callende"]
[Result "1-0"]
[WhiteElo "2040"]
[BlackElo "1840"]

1. d4 d5 2. c4 e6 3. Nc3 Nf6 4. Bg5 Nbd7 5. e3 Bb4 6. Bxf6 Bxc3+ 7. bxc3 Nxf6 8.
cxd5 Nxd5 9. c4 Ne7 10. Bd3 Ng6 11. Nf3 c6 12. O-O O-O 13. Qb3 a6 14. c5 Ne7 15.
Nd2 Nd5 16. Nc4 Rb8 17. Ne5 Qc7 18. Rab1 b5 19. cxb6 Qxb6 20. Qc4 Nb4 21. a3 a5
22. axb4 axb4 23. Nxc6 Ba6 24. Qxa6 Qxa6 25. Bxa6 Rb6 26. Nxb4 Rfb8 27. Rfc1 f6
28. Rc8+ Kf7 29. Rxb8 Rxb8 30. Bd3 Rb6 31. f4 h6 32. Kf2 g5 33. d5 e5 34. fxe5
fxe5 35. Nc6 1-0

[Event "AUTO-ADV-2804"]
[Site "http://www.queenalice.com/game.php?id=1166273"]
[Date "2013.3.30"]
[Round "1"]
[White "callende"]
[Black "TyaoKarreyrowsky"]
[Result "0-1"]
[WhiteElo "1845"]
[BlackElo "1978"]

1. e4 e5 2. f4 Bc5 3. Nf3 d6 4. h3 Nf6 5. fxe5 Nxe4 6. d3 Nf2 7. Qe2 Nxh1 8.
exd6+ Be6 9. Ng5 Qxd6 10. Ne4 Qe5 11. a3 Ng3 12. Qf3 Nxe4 13. dxe4 Nc6 14. Bb5
O-O 15. Bxc6 bxc6 16. Nc3 Qd4 17. Bf4 Bc4 18. Rd1 Qg1+ 19. Kd2 Rad8+ 20. Kc1
Rxd1+ 21. Qxd1 Qxd1+ 22. Nxd1 Re8 23. Nc3 Bd6 24. Be3 a6 25. g4 Be5 26. Nd1 Bg3
27. b3 Bf1 28. Bc5 Bxh3 0-1

[Event "AUTO-ADV-2804"]
[Site "http://www.queenalice.com/game.php?id=1166274"]
[Date "2013.3.30"]
[Round "1"]
[White "TyaoKarreyrowsky"]
[Black "Aborigen"]
[Result "1-0"]
[WhiteElo "2050"]
[BlackElo "2012"]

1. d4 e6 2. c4 f5 3. Nc3 d5 4. cxd5 exd5 5. Nf3 Nf6 6. Bg5 c6 7. e3 Nbd7 8. Bd3
Nb6 9. Qc2 h6 10. Bxf6 Qxf6 11. O-O Bd6 12. Ne2 O-O 13. Ng3 Bxg3 14. hxg3 Be6
15. b3 Nd7 16. Kh2 Qf7 17. Rh1 Rfe8 18. Kg1 Nf8 19. Ne5 Qf6 20. Rh5 Nd7 21. Nxd7
Bxd7 22. Bxf5 Bxf5 23. Rxf5 Qe7 24. Re5 Qf7 25. f4 a6 26. Re1 Qd7 27. e4 dxe4
28. Qxe4 Red8 29. Re7 Qxd4+ 30. Qxd4 Rxd4 31. Rxb7 Rad8 32. Ree7 1-0

[Event "AUTO-ADV-2804"]
[Site "http://www.queenalice.com/game.php?id=1166275"]
[Date "2013.3.30"]
[Round "1"]
[White "Aborigen"]
[Black "TyaoKarreyrowsky"]
[Result "0-1"]
[WhiteElo "2055"]
[BlackElo "2010"]

1. e4 c5 2. b4 cxb4 3. a3 Nc6 4. Nf3 Qc7 5. d4 Nf6 6. d5 Ne5 7. Bf4 Nxf3+ 8.
Qxf3 Qxc2 9. Nd2 Qc3 10. Qxc3 bxc3 11. Nf3 Nxe4 12. Be2 e6 13. d6 Bxd6 14. Bxd6
Nxd6 15. O-O b6 16. Rfc1 Ne4 17. Bb5 a6 18. Ba4 Bb7 19. Bc2 Rc8 20. Ne5 f6 21.
Nd3 Ke7 22. f3 Nd2 23. Nb4 d5 24. Bd3 a5 25. Nc2 Nb3 0-1

[Event "Challenge"]
[Site "http://www.queenalice.com/game.php?id=1167060"]
[Date "2013.4.1"]
[Round "-"]
[White "carver"]
[Black "TyaoKarreyrowsky"]
[Result "1-0"]
[WhiteElo "1982"]
[BlackElo "2069"]

1. d4 d5 2. c4 e6 3. Nc3 Nf6 4. Bg5 Nbd7 5. c5 c6 6. b4 b6 7. e3 e5 8. Nf3 exd4
9. Nxd4 bxc5 10. Nxc6 Qb6 11. b5 Bb7 12. Bxf6 Nxf6 13. Nxd5 Nxd5 14. Qxd5 Qa5+
15. Nxa5 Bxd5 16. a4 Be7 17. Rd1 Be4 18. Rd2 O-O 19. f3 Bf5 20. Bd3 Be6 21. O-O
Bd8 22. Nc6 h6 23. Rc1 Re8 24. Nxd8 Rexd8 25. Rxc5 Rd7 26. Kf1 Rad8 27. Rc3 g5
28. Ke2 Kg7 29. Rdc2 Rd6 30. Be4 a6 31. Bc6 axb5 32. Bxb5 Ra8 33. Rd2 Rxd2+ 34.
Kxd2 Kf6 35. Ra3 Ra5 36. g3 Ke5 37. f4+ gxf4 38. gxf4+ Kd5 39. Rd3+ Kc5 40. Be8
Ra8 41. Rc3+ Kb4 42. Bc6 Rd8+ 43. Rd3 Rg8 44. Rd4+ Kc5 45. Be4 Kb6 46. Kd3 Ka5
47. Bc6 Rb8 48. Bb5 Rb7 49. h4 1-0

[Event "Challenge"]
[Site "http://www.queenalice.com/game.php?id=1169707"]
[Date "2013.4.9"]
[Round "-"]
[White "Aspayne"]
[Black "TyaoKarreyrowsky"]
[Result "0-1"]
[WhiteElo "2069"]
[BlackElo "1925"]

1. e4 e5 2. Nf3 Nf6 3. Nc3 Nc6 4. Nxe5 Nxe5 5. d4 Ng6 6. e5 Ng8 7. Bc4 Bb4 8.
Qf3 Bxc3+ 9. bxc3 Qe7 10. O-O Nh6 0-1

[Event "Challenge"]
[Site "http://www.queenalice.com/game.php?id=1182331"]
[Date "2013.5.18"]
[Round "-"]
[White "RagnarLodbrok"]
[Black "TyaoKarreyrowsky"]
[Result "1/2-1/2"]
[WhiteElo "2255"]
[BlackElo "2105"]

1. d4 d5 2. c4 e6 3. Nf3 Nf6 4. g3 c6 5. Qc2 Nbd7 6. Bg2 Bb4+ 7. Bd2 Bxd2+ 8.
Nbxd2 O-O 9. O-O Qc7 10. e4 dxe4 11. Nxe4 Nxe4 12. Qxe4 Nf6 13. Qe5 Qe7 14. Rfe1
Rd8 15. Rad1 b6 16. c5 Bb7 17. Nd2 Ng4 18. Qf4 Nf6 19. Qe3 Nd5 20. Qa3 Qc7 21.
Nc4 Ne7 22. Qb3 Rab8 23. cxb6 axb6 24. Qxb6 Qxb6 25. Nxb6 Nf5 26. Na4 Nxd4 27.
Nc5 Ba8 28. b3 Kf8 29. Kf1 Ke7 30. Rd3 Nc2 31. Re4 Rxd3 32. Nxd3 Rd8 33. Nc5 Rd4
34. Ke2 Kd6 35. Nd3 c5 36. Rxd4+ Nxd4+ 37. Kf1 Bxg2+ 38. Kxg2 e5 39. f3 h5 40.
Kf2 g5 41. h3 f6 42. Nb2 Kc6 43. Nc4 Ne6 44. Nd2 1/2-1/2

[Event "Challenge"]
[Site "http://www.queenalice.com/game.php?id=1190536"]
[Date "2013.6.13"]
[Round "-"]
[White "TyaoKarreyrowsky"]
[Black "eddval"]
[Result "1-0"]
[WhiteElo "2115"]
[BlackElo "2226"]

1. d4 Nf6 2. c4 g6 3. Nc3 Bg7 4. e4 O-O 5. e5 Ne8 6. f4 d6 7. Nf3 c5 8. dxc5 Nc6
9. cxd6 exd6 10. Be3 Qa5 11. Qd5 Be6 12. Qxa5 Nxa5 13. Nd5 Nc6 14. Be2 dxe5 15.
Bc5 e4 16. Ng5 Bxd5 17. cxd5 Bxb2 18. Rb1 Bc3+ 19. Kf1 Na5 20. Bxf8 Kxf8 21.
Nxe4 Bd4 22. d6 Rd8 23. Rd1 Bb6 24. h4 Be3 25. d7 Ng7 26. g3 Ke7 27. Kg2 Nf5 28.
Bg4 Bb6 29. Bxf5 gxf5 30. Ng5 Rxd7 31. Rhe1+ Kd8 32. Nxf7+ Kc7 33. Nh6 Nc6 34.
Rxd7+ Kxd7 35. Nxf5 Bc5 36. Kf3 b5 37. Rd1+ Kc7 38. Ke4 a5 39. Rd5 Kb6 40. Rd7
Nb4 41. Rxh7 Nxa2 42. Rh6+ Kc7 43. Kd5 Bb4 44. Rh7+ Kb6 45. Nd4 Nc3+ 46. Ke5 a4
47. Rh6+ Kb7 48. g4 a3 49. Rh7+ Kb6 50. f5 Bc5 51. Nb3 a2 52. g5 b4 53. g6 Ne2
54. g7 Bd4+ 55. Kd5 Nc1 56. g8=Q Nxb3 57. Qb8+ Ka6 58. Rb7 1-0

[Event "Challenge"]
[Site "http://www.queenalice.com/game.php?id=1190537"]
[Date "2013.6.13"]
[Round "-"]
[White "TyaoKarreyrowsky"]
[Black "eddval"]
[Result "1-0"]
[WhiteElo "2068"]
[BlackElo "2160"]

1. d4 d5 2. c4 e6 3. Nc3 c6 4. Bf4 Bd6 5. Bxd6 Qxd6 6. e4 dxe4 7. Nxe4 Qb4+ 8.
Qd2 Qxd2+ 9. Kxd2 Nf6 10. Nxf6+ gxf6 11. Re1 O-O 12. Bd3 Nd7 13. Re4 f5 14. Rh4
Nf6 15. Nf3 Rd8 16. h3 Kg7 17. g4 Rh8 18. Rg1 Kf8 19. gxf5 exf5 20. Rh6 Ne4+ 21.
Ke3 Be6 22. Ne5 Ke7 23. Bxe4 fxe4 24. Kxe4 Rag8 25. Rxg8 Rxg8 26. d5 cxd5+ 27.
cxd5 f5+ 28. Kd4 Bc8 29. d6+ Kd8 30. Rxh7 1-0

[Event "Challenge"]
[Site "http://www.queenalice.com/game.php?id=1190750"]
[Date "2013.6.14"]
[Round "-"]
[White "TyaoKarreyrowsky"]
[Black "eddval"]
[Result "1/2-1/2"]
[WhiteElo "2111"]
[BlackElo "2230"]

1. e4 e5 2. Nf3 Nc6 3. d4 exd4 4. Nxd4 Bc5 5. Be3 Qf6 6. c3 Nge7 7. Be2 d5 8.
Nb5 Bxe3 9. fxe3 O-O 10. exd5 Ne5 11. Nxc7 Qh4+ 12. g3 Qe4 13. O-O Bh3 14. Rf2
Rac8 15. Qd4 Qxd4 16. exd4 Ng4 17. d6 Ng6 18. Bxg4 Bxg4 19. Nd2 Rfd8 20. Nc4 Be6
21. Nxe6 fxe6 22. Ne5 Rxd6 23. Nxg6 hxg6 24. h4 b5 25. a3 a5 26. Rf3 b4 27. axb4
axb4 28. Ra7 bxc3 29. bxc3 Rdc6 30. Rff7 Rxc3 31. Rxg7+ Kh8 32. Kg2 R3c4 33.
Rxg6 Rxd4 34. Rxe6 Rd5 35. Ree7 Kg8 36. Rg7+ Kf8 37. Rh7 Kg8 38. Rag7+ Kf8 39.
Rh8+ Kxg7 40. Rxc8 Kg6 41. Rc3 Ra5 42. g4 Ra1 43. Rc6+ Kg7 44. h5 Ra3 45. h6+
Kh7 46. g5 Ra5 47. Rc7+ Kh8 48. Rg7 Ra2+ 49. Kf3 Ra3+ 50. Kg4 Ra4+ 51. Kh5 Rh4+
52. Kg6 Rxh6+ 53. Kf7 Rf6+ 54. Ke7 Rf5 55. Rg6 Kh7 56. Rf6 Rxg5 57. Rf7+ Kg6 58.
Ke6 Rg1 59. Rf6+ Kg7 60. Rf7+ 1/2-1/2

[Event "Scacchi italiani"]
[Site "http://www.queenalice.com/game.php?id=1202601"]
[Date "2013.7.26"]
[Round "-"]
[White "TyaoKarreyrowsky"]
[Black "sasosaso"]
[Result "0-1"]
[WhiteElo "2147"]
[BlackElo "2152"]

1. e4 c5 2. Nf3 d6 3. d4 cxd4 4. Nxd4 Nf6 5. Nc3 a6 6. Be2 e5 7. Nb3 Be7 8. O-O
O-O 9. a4 Nc6 10. Be3 Be6 11. f4 d5 12. f5 d4 13. fxe6 fxe6 14. Bc4 dxe3 15.
Bxe6+ Kh8 16. Qe2 Nd4 17. Nxd4 exd4 18. Nd5 Qd6 19. Bf5 Nxd5 20. exd5 Qxd5 21.
Bd3 g6 22. Rfe1 Rf2 23. Qg4 Raf8 24. Rf1 Bd6 25. Qh3 Qe5 26. Rxf2 exf2+ 27. Kf1
Bb4 28. Be2 Re8 29. Qf3 d3 30. cxd3 Qxh2 0-1

[Event "AUTO-ADV-2804"]
[Site "http://www.queenalice.com/game.php?id=1202635"]
[Date "2013.7.26"]
[Round "2"]
[White "TyaoKarreyrowsky"]
[Black "Canaye"]
[Result "1-0"]
[WhiteElo "2090"]
[BlackElo "1850"]

1. e4 e6 2. d4 d5 3. e5 c5 4. c3 Nc6 5. Nf3 Qb6 6. Bd3 cxd4 7. cxd4 Bb4+ 8. Nc3
Bd7 9. a3 Bxc3+ 10. bxc3 Nge7 11. O-O O-O 12. Ng5 Nf5 13. g4 Nh4 14. Bxh7+ Kh8
15. Bc2 f5 16. gxf5 Nxf5 17. Qh5+ Nh6 18. Qg6 1-0

[Event "AUTO-ADV-2804"]
[Site "http://www.queenalice.com/game.php?id=1202636"]
[Date "2013.7.26"]
[Round "2"]
[White "Canaye"]
[Black "TyaoKarreyrowsky"]
[Result "0-1"]
[WhiteElo "1892"]
[BlackElo "2097"]

1. d4 Nf6 2. c4 g6 3. Nc3 Bg7 4. e4 d6 5. f3 O-O 6. Bg5 c5 7. dxc5 dxc5 8. Nge2
Nc6 9. Rb1 h6 10. Be3 Qa5 11. Nc1 Rd8 12. Qc2 Nd4 13. Qf2 Nd7 14. Bd3 Ne5 15.
O-O Ndxf3+ 16. gxf3 Nxd3 17. Nxd3 Rxd3 18. Bxc5 b6 19. Bxe7 Bd4 20. Qxd4 Rxd4
21. b4 Qe5 22. Nd5 Rxd5 23. cxd5 Qxe7 24. a3 Bh3 25. Rf2 Qg5+ 26. Kh1 Qe3 0-1

[Event "AUTO-ADV-2804"]
[Site "http://www.queenalice.com/game.php?id=1202638"]
[Date "2013.7.26"]
[Round "2"]
[White "bouley"]
[Black "TyaoKarreyrowsky"]
[Result "0-1"]
[WhiteElo "2153"]
[BlackElo "2130"]

1. d4 d5 2. Nf3 Nf6 3. c4 c6 4. Nc3 e6 5. Bg5 Nbd7 6. cxd5 exd5 7. e3 Qa5 8.
Bxf6 Nxf6 9. Bd3 Bb4 10. Qc2 O-O 11. O-O Re8 12. a3 Bd6 13. Ng5 h6 14. Nf3 Qc7
15. h3 b5 16. b4 a5 17. Qb2 Qe7 18. bxa5 Rxa5 19. Nb1 Ne4 20. Be2 Bd7 21. g4 f5
22. Ne5 Bxe5 23. dxe5 fxg4 24. Bxg4 Bxg4 25. hxg4 Qh4 26. f3 Ng3 27. Qg2 Nxf1
28. Kxf1 Rxe5 29. Ke2 Qf6 30. Ra2 Qf4 31. Qf2 Qc4+ 32. Ke1 Qc1+ 33. Ke2 Qxb1 34.
Rd2 Rxa3 35. f4 Rexe3+ 36. Qxe3 Rxe3+ 37. Kxe3 Qc1 0-1

[Event "AUTO-OPEN-2918"]
[Site "http://www.queenalice.com/game.php?id=1220909"]
[Date "2013.9.29"]
[Round "2"]
[White "TyaoKarreyrowsky"]
[Black "favos"]
[Result "0-1"]
[WhiteElo "2135"]
[BlackElo "1956"]

1. d4 d5 2. c4 e6 3. Nc3 Bb4 4. Nf3 Nf6 5. Bg5 O-O 6. e3 Nc6 7. cxd5 exd5 8. Be2
Bg4 9. O-O h6 10. Bxf6 gxf6 11. Rc1 Kh8 12. Qb3 Bxc3 13. Qxc3 Rg8 14. Kh1 Rg7
15. h3 Be6 16. Bb5 Qd7 17. Bxc6 bxc6 18. Qxc6 Bxh3 19. Qxd7 Bxd7 20. Rxc7 Bg4
21. Nd2 Be2 22. Rfc1 Kh7 23. Rd7 Rag8 24. g3 h5 25. Kg2 h4 0-1

[Event "AUTO-OPEN-2918"]
[Site "http://www.queenalice.com/game.php?id=1220910"]
[Date "2013.9.29"]
[Round "2"]
[White "favos"]
[Black "TyaoKarreyrowsky"]
[Result "1-0"]
[WhiteElo "1977"]
[BlackElo "2108"]

1. d4 Nf6 2. Nf3 d5 3. c4 e6 4. Nc3 Nbd7 5. Bg5 c6 6. e3 Qa5 7. Qc2 Ne4 8. Bd3
Nxg5 9. Nxg5 dxc4 10. Bxc4 Qxg5 11. O-O Nf6 12. f4 Qh5 13. Be2 Ng4 14. Bxg4 Qxg4
15. Rf3 Be7 16. Rg3 Qf5 17. e4 Qxf4 18. Rf1 Qh6 19. Rh3 Bh4 20. e5 f5 21. exf6
e5 22. fxg7 Rg8 23. Rhf3 Be7 24. Qf2 exd4 25. Qxd4 Qxg7 26. Qf2 Bc5 27. Re1+ Kd8
28. Rd3+ 1-0

[Event "AUTO-OPEN-2918"]
[Site "http://www.queenalice.com/game.php?id=1220911"]
[Date "2013.9.29"]
[Round "2"]
[White "TyaoKarreyrowsky"]
[Black "Canuma"]
[Result "1/2-1/2"]
[WhiteElo "2139"]
[BlackElo "2404"]

1. d4 d5 2. c4 c6 3. Nc3 Nf6 4. Nf3 dxc4 5. a4 e6 6. e3 c5 7. Bxc4 Nc6 8. d5
exd5 9. Nxd5 Be6 10. Nxf6+ Qxf6 11. Bxe6 Qxe6 12. O-O Rd8 13. Qc2 Bd6 14. Bd2
O-O 15. Rad1 Rd7 16. Bc3 Rfd8 17. Qe2 Qb3 18. Ra1 a6 19. h3 Bc7 20. Nh4 Be5 21.
Ra3 Qe6 22. Nf3 g6 23. Nxe5 Nxe5 24. Raa1 Nd3 25. a5 c4 26. Qf3 f5 27. Bd4 Rd5
28. Bc3 Qe8 29. Qg3 Qe7 30. Rad1 R8d6 31. Ra1 Rd8 32. Rad1 R8d6 33. Ra1 1/2-1/2

[Event "AUTO-OPEN-2918"]
[Site "http://www.queenalice.com/game.php?id=1220912"]
[Date "2013.9.29"]
[Round "2"]
[White "Canuma"]
[Black "TyaoKarreyrowsky"]
[Result "1-0"]
[WhiteElo "2394"]
[BlackElo "2143"]

1. e4 e5 2. Nf3 Nf6 3. Nc3 Nc6 4. Bb5 Nd4 5. O-O Nxb5 6. Nxb5 d6 7. d4 exd4 8.
Qxd4 a6 9. Nc3 Bg4 10. Rd1 Bxf3 11. gxf3 h6 12. Be3 Nd7 13. Kg2 Ne5 14. Nd5 c6
15. Nb6 Rb8 16. f4 Ng6 17. Nc4 d5 18. exd5 Qxd5+ 19. Qxd5 cxd5 20. Nb6 Bd6 21.
Rxd5 Bxf4 22. Bc5 f6 23. Rd7 Rg8 24. Rad1 Be5 25. Kh1 f5 26. Ba3 f4 27. Rg1 1-0

[Event "Challenge"]
[Site "http://www.queenalice.com/game.php?id=1242098"]
[Date "2013.12.23"]
[Round "-"]
[White "eddval"]
[Black "TyaoKarreyrowsky"]
[Result "1-0"]
[WhiteElo "2173"]
[BlackElo "2118"]

1. e4 c5 2. Nf3 Nc6 3. d4 cxd4 4. Nxd4 Nf6 5. Nc3 e6 6. Ndb5 d6 7. Bf4 e5 8. Bg5
a6 9. Na3 b5 10. Nd5 Qa5+ 11. Bd2 Qd8 12. Bg5 Qa5+ 13. Qd2 Qxd2+ 14. Bxd2 Nxd5
15. exd5 Ne7 16. c4 bxc4 17. Bxc4 Bb7 18. O-O Nxd5 19. Rfd1 Nf6 20. Bb3 Be7 21.
Ba4+ Kf8 22. Rac1 1-0